| 000 | 00520nam a2200181Ia 4500 | ||
|---|---|---|---|
| 999 |
_c16392 _d16392 |
||
| 003 | OSt | ||
| 005 | 20200606115915.0 | ||
| 008 | 190216s9999||||xx |||||||||||||| ||und|| | ||
| 020 | _a8190378074 | ||
| 040 | _cMESKC library | ||
| 082 |
_a891.431 _bKES/B |
||
| 100 | 1 |
_aKesavānī, Rājakumāra, _9159 _d1950- |
|
| 245 | 0 |
_aBakhi Bachen Jo / _cRajkumar Kesawani |
|
| 260 |
_bAnirudh Books, _aDelhi : _c2007 |
||
| 300 | _a111p | ||
| 650 | _aHindi | ||
| 942 |
_cBK _2ddc _h891.431 _iKES/B _k891.431 _mKES/B |
||